Pakistan Army green book 2002: low intensity conflict (Record no. 328965)

000 -LEADER
fixed length control field 00517 a2200121 4500
003 - CONTROL NUMBER IDENTIFIER
control field Nust
005 - DATE AND TIME OF LATEST TRANSACTION
control field 20170420105707.0
008 - FIXED-LENGTH DATA ELEMENTS--GENERAL INFORMATION
fixed length control field 170420b xxu||||| |||| 00| 0 eng d
040 ## - CATALOGING SOURCE
Transcribing agency Nust
082 ## - DEWEY DECIMAL CLASSIFICATION NUMBER
Classification number 355.0218
Author Mark GAL
100 ## - MAIN ENTRY--PERSONAL NAME
Personal name Gallagher, CSM James J.
245 ## - TITLE STATEMENT
Title Pakistan Army green book 2002: low intensity conflict
Statement of responsibility, etc. CSM James J. Gallagher
260 ## - PUBLICATION, DISTRIBUTION, ETC.
Place of publication, distribution, etc. Rawalpindi :
Name of publisher, distributor, etc. General headquarter,
Date of publication, distribution, etc. 2002
300 ## - PHYSICAL DESCRIPTION
Extent x, 221p. :
Other physical details ill ., pics., ;
Dimensions 23 cm
650 ## - SUBJECT ADDED ENTRY--TOPICAL TERM
Topical term or geographic name entry element Low Intensity Conflict -- Army
942 ## - ADDED ENTRY ELEMENTS (KOHA)
Source of classification or shelving scheme
Koha item type Book
Holdings
Withdrawn status Lost status Source of classification or shelving scheme Damaged status Not for loan Permanent Location Current Location Shelving location Date acquired Full call number Barcode Date last seen Copy number Price effective from Koha item type
          Central Library (CL) Central Library (CL) Book Cart 04/20/2017 355.0218 GAL CL1551 04/22/2022 1 04/20/2017 Book
© 2023 Central Library, National University of Sciences and Technology. All Rights Reserved.